| 000 | 02609nam a2200457 4500 | ||
|---|---|---|---|
| 003 | OSt | ||
| 005 | 20260513073152.0 | ||
| 008 | 260513b |||||||| |||| 00| 0 aze d | ||
| 020 | _a9952418679 | ||
| 040 |
_aAZ-XaKU _baze _cAZ-XaKU |
||
| 041 | 0 |
_aaze _aper _hper _hara |
|
| 050 | 1 | 4 | _aPL314 .F9899 .W89256 2005 |
| 100 | 1 |
_aFüzuli, Məhəmməd, _cşair, mütəfəkkir və filosof, _d1494-1556, _emüəllif. |
|
| 245 | 1 | 0 |
_aƏsərləri _b : Altı cilddə _c / Məhəmməd Füzuli ; tərtib edən Həmid Araslı ; tərcümə edənlər H. Araslı, M. Sultanov, M. Mübariz ; redaktor Teymur Kərimli ; buraxılışa məsul Əziz Güləliyev ; texniki redaktor Rövşən Ağayev ; tərtibatçı-rəssam Nərgiz Əliyeva ; korrektor Pərinaz Səmədova _nIV cild |
| 250 | _aTəkrar nəşr. | ||
| 264 |
_aBakı : _bŞərq-qərb , _c2005. |
||
| 300 |
_a343, [1] səhifə ; _bfotoşəkil ; _c22 sm. |
||
| 336 |
_atext _btxt _2rdacontent |
||
| 337 |
_aunmediated _bn _2rdamedia |
||
| 338 |
_avolume _bnc _2rdacarrier |
||
| 490 | 1 | _aKlassik Azərbaycan ədəbiyyatı. | |
| 500 | _aAzərbaycan Respublikasının Prezidenti İlham Əliyevin "Azərbaycan dilində latın qrafikası ilə kütləvi nəşrlərin həyata keçirilməsi haqqında" 12 yanvar 2004-cü il tarixli sərəncamı ilə nəşr olunur və ölkə kitabxanalarına hədiyyə edilir. | ||
| 500 | _aLüğət : s. 319-340. | ||
| 500 | _aBu kitab "Məhəmməd Füzuli. Əsərləri. Altı cilddə. IV cild" (Bakı, "Azərbaycan" nəşriyyatı, 1996) nəşri əsasında təkrar nəşrə hazırlanmışdır. | ||
| 505 | 0 | _aTürkcə qəsidələr -- Farsca qəsidələr -- Ərəbcə qəsidələr -- Fəzliyə nəsihət. | |
| 520 | 0 | _aƏsərlərinin təqdim olunan cildində şairin ana dilində qələmə aldığı qəsidələri, fars və ərəb dillərində dini səciyyəli qəsidələrinin tərcümələri toplanmışdır. | |
| 546 | _aKitabda həmçinin fars dilində də yazılar verilmişdir. | ||
| 650 | 7 |
_2AZ-XaKU _aBədii ədəbiyyat _xAzərbaycan ədəbiyyatı _y15-16-cı əsr. |
|
| 655 |
_2AZ-XaKU _aQəsidə. |
||
| 700 | 1 |
_aAraslı, Həmid, _d1909-1983, _etərtib edəni. |
|
| 700 | 1 |
_aKərimli, Teymur, _d1953- _eredaktor. |
|
| 700 | 1 |
_aMübariz, M., _etərcüməçi. |
|
| 700 | 1 |
_aSultanov, M. _etərcüməçi. |
|
| 700 | 1 |
_aGüləliyev, Əziz, _eburaxılışa məsul. |
|
| 700 | 1 |
_aAğayev, Rövşən, _etexniki redaktor. |
|
| 700 | 1 |
_aƏliyeva, Nərgiz, _etərtibatçı-rəssam. |
|
| 700 | 1 |
_aSəmədova, Pərinaz, _ekorrektor. |
|
| 830 | 0 | _aKlassik Azərbaycan ədəbiyyatı. | |
| 942 | _cBOOK | ||
| 999 |
_c434 _d434 |
||